000 00655nam a2200193 i 4500
001 bgj
100 1 _aALTENHOFER, Norbert.
245 1 0 _aHofmannsthals Lustspiel "Der Unbestechliche" /
_cvon Norbert Altenhofer.
260 _aBerlin :
_bVerlag Gehlen,
_c1967
_aZürich=
_bBad Homburg V. D. H.
300 _a200 S. ;
_c23 cm.
490 1 _aFrankfurter Beiträge zur Germanistik ;
_vBand 2
504 _aBibliographie S. [194]-200.
600 1 9 _aHofmannsthal, Hugo, von, 1874-1929. Der Unbestechliche
830 _aFrankfurter Beiträge zur Germanistik ;
040 _cBPK
041 0 _ager
942 _cKS
008 s gw f |000 0 ger
999 _c50438
_d50438
856 _uhttp://koha.tu.koszalin.pl/cgi-bin/koha/opac-detail.pl?biblionumber=50438
_yKatalog online BPK